| 000 | 00619nam a22001817a 4500 | ||
|---|---|---|---|
| 003 | BD-DhUL | ||
| 005 | 20180524113200.0 | ||
| 008 | 180522s1991 bg ||||| |||| 00| 0 ben d | ||
| 040 |
_aBD-DhUL _cBD-DhUL |
||
| 082 |
_a891.443 _bSAD |
||
| 100 | 1 | _aসাবের, মঈনুল আহসান | |
| 245 | 0 | 0 |
_aদূরের আকাশ / _cমঈনুল আহসান সাবের |
| 260 |
_aঢাকা : _bআগামী, _c১৯৯১। |
||
| 300 |
_a১০০ পৃ. ; _c২২ সেমি.। |
||
| 650 | 4 | _aবাংলা উপন্যাস | |
| 650 | 4 | _aBengali fiction | |
| 942 |
_2ddc _cBK |
||
| 999 |
_c241563 _d241563 |
||